书目信息 |
| 题名: |
风雅武汉
|
|
| 作者: | 顾亦兵, 编著 | |
| 分册: | ||
| 出版信息: | 北京 中国财政经济出版社 2005.10 |
|
| 页数: | 295页, [17] 页图版 | |
| 开本: | 24cm | |
| 丛书名: | 点评中国文库系列丛书 | |
| 单 册: | ||
| 中图分类: | K926.31 | |
| 科图分类: | ||
| 主题词: | ||
| 电子资源: | ||
| ISBN: | 7-5005-8473-3 | |
| 000 | 00938nam 2200253 450 | |
| 001 | 012006186579 | |
| 005 | 20060802111147.96 | |
| 010 | @a7-5005-8473-3@dCNY35.00 | |
| 100 | @a20060802d2005 km y0chiy0120 ea | |
| 101 | 0 | @achi |
| 102 | @aCN@b110000 | |
| 105 | @aafh z 000yy | |
| 106 | @ar | |
| 200 | 1 | @a风雅武汉@Afeng ya wu han@f顾亦兵编著@Fgu yi bing bian zhu |
| 210 | @a北京@c中国财政经济出版社@d2005.10 | |
| 215 | @a295页, [17] 页图版@c图 (部分彩图), 摹真@d24cm | |
| 225 | 2 | @a点评中国文库系列丛书@Adian ping zhong guo wen ku xi lie cong shu |
| 330 | @a本书的作者以自己对武汉的认知与解读,介绍了武汉的人文历史、人文地理、名人轶事、诗词文化、风土人情等,告诉世人一个风雅的武汉。 | |
| 410 | 0 | @12001 @a点评中国文库系列丛书 |
| 607 | @a武汉市 (湖北省)@Awu han shi(hu bei sheng)@x概况 | |
| 690 | @aK926.31@v4 | |
| 701 | 0 | @a顾亦兵,@Agu yi bing,@f1962-@4编著 |
| 801 | 0 | @aCN@bQSSK@c20060802 |
| 905 | @b599343-45@dK926.31@eG520 | |
| 风雅武汉/顾亦兵编著.-北京:中国财政经济出版社,2005.10 |
| 295页, [17] 页图版:图 (部分彩图), 摹真;24cm.-(点评中国文库系列丛书) |
| ISBN 7-5005-8473-3:CNY35.00 |
| 本书的作者以自己对武汉的认知与解读,介绍了武汉的人文历史、人文地理、名人轶事、诗词文化、风土人情等,告诉世人一个风雅的武汉。 |
| ● |
| 相关链接 |
|
|
|
正题名:风雅武汉
索取号:K926.31/G520
 
预约/预借
| 序号 | 登录号 | 条形码 | 馆藏地/架位号 | 状态 | 备注 |
| 1 | 599343 | 205993433 | 社科库309/309社科库 15排1列1层/ [索取号:K926.31/G520] | 在馆 | |
| 2 | 599344 | 205993442 | 社科库309/309社科库 15排1列1层/ [索取号:K926.31/G520] | 在馆 | |
| 3 | 599345 | 205993451 | 社科库309/309社科库 15排1列1层/ [索取号:K926.31/G520] | 在馆 |